000 00538nam a22001937a 4500
003 KOHA_MİRAKIL
005 20251116142233.0
008 251116b tu ||||| |||| 00| 0 tur d
020 _a9789944612371
040 _aTR-AnABB
_btur
_cTR-AnABB
041 _atur
082 _a833.914
_bROT 2019
100 1 _aRoth ,Joseph,
245 1 0 _aİmparatorlar Mezarlığı /
_cJoseph Roth
260 _aİstanbul :
_bTekin Yayınevi,
_c2019
300 _a160 sayfa ;
_c24 cm
650 0 4 _aAvusturya edebiyatı, roman
942 _2ddc
_cBK
999 _c9428
_d9428
900 _bGizem YORULMAZ